| 000 | 00535nam a22002057a 4500 | ||
|---|---|---|---|
| 003 | OSt | ||
| 005 | 20231012123038.0 | ||
| 008 | 231012b |||||||| |||| 00| 0 eng d | ||
| 020 | _a9781138907096 | ||
| 040 | _cDDC. | ||
| 082 | _a624.2 CHU 2016. | ||
| 100 |
_aChudley,Roy;Greeno,Rodgers; _916747 |
||
| 245 | _aBuilding Construction Handbook. | ||
| 250 | _a11th ed. | ||
| 260 |
_aLondon. _bRoutledge. _c2016. |
||
| 300 |
_axi,1012p; _bill, _c24cm |
||
| 504 | _aincludes index. | ||
| 650 |
_aEngeneering. _916748 |
||
| 942 |
_2ddc _cB_BANK |
||
| 999 |
_c8208 _d8208 |
||